| 000 | 00656nam a2200205 i 4500 | ||
|---|---|---|---|
| 001 | 189716 | ||
| 003 | ES-MaACL | ||
| 005 | 20250831082015.0 | ||
| 007 | t| | ||
| 008 | 190930s1964 sp ||||1| spa d | ||
| 100 | 1 |
_aPablo _bVI _cPapa, Santo. _9168351 |
|
| 245 | 1 | 3 |
_aEl sentido religioso _b: carta pastoral / _cCardenal Juan Bautista Montini. |
| 260 |
_aSalamanca : _bSígueme, _c1964. |
||
| 300 |
_a60 p. ; _c23 cm. |
||
| 490 | 1 |
_aColección "Iglesia, Siglo XX" ; _v10 |
|
| 650 | 4 |
_aExperiencia religiosa. _9157328 |
|
| 830 | 0 | 0 |
_aColección "Iglesia, siglo XX" _v10 _9182791 |
| 852 |
_aES-MaACL _jP-863-Bis-7 |
||
| 999 |
_c189716 _d189716 |
||